| 000 | 00453nam a22001817a 4500 | ||
|---|---|---|---|
| 003 | CEME | ||
| 005 | 20210628204048.0 | ||
| 008 | 210104b xxu||||| |||| 00| 0 eng d | ||
| 020 | _a9693508513 | ||
| 040 | _c. | ||
| 082 | _a891.421 MOH | ||
| 100 |
_aMian Muhammad Bakhsh _968531 |
||
| 245 | _aSaif-ul-malook | ||
| 260 |
_aLAHORE _bSANG-E-MEEL PUB _c2004 |
||
| 300 | _a476P | ||
| 650 |
_aPUNJABI LITERATURE-SAIF-UL-MALOOK. _968532 |
||
| 942 |
_cBK _2ddc |
||
| 999 |
_c576085 _d576085 |
||